Länder mit der besten Demokratie - Statistiken

Allgemein
  • Dieses Quiz wurde 306 mal gespielt
  • Das Durchschnittsergebnis liegt bei 24 aus 30
Antwortstatistiken
Platz Land Index % Korrekt
5. Deutschland 0,944
99%
2. Norwegen 0,956
96%
3. Schweden 0,946
96%
11. Spanien 0,912
95%
1. Dänemark 0,958
94%
3. Finnland 0,946
94%
24. Kanada 0,86
94%
6. Schweiz 0,934
93%
19. Frankreich 0,889
92%
22. Italien 0,871
92%
18. Österreich 0,89
92%
23. Portugal 0,864
91%
15. Island 0,899
89%
7. Niederlande 0,93
89%
13. Australien 0,904
88%
9. Belgien 0,925
87%
17. Vereinigtes Königreich 0,892
87%
25. Japan 0,857
86%
12. Luxemburg 0,905
82%
16. Irland 0,898
81%
8 Neuseeland 0,928
81%
20. Südkorea 0,883
77%
14. Estland 0,903
73%
21. Litauen 0,879
70%
30. Slowakei 0,836
55%
26. Taiwan 0,847
48%
29. Chile 0,84
46%
26. Uruguay 0,847
34%
28. Zypern 0,846
30%
10. Costa Rica 0,914
28%
Keine übereinstimmenden Quizze gefunden
Verteilung der Resultate
Anzahl Personen mit jedem Resultat
Perzentil nach korrekt beantworteten Fragen
Ihre Resultats-Entwicklung
Sie haben dieses Quiz noch nicht gespielt